ბათუმის შოთა რუსთაველის სახელმწიფო უნივერსიტეტის ბიბლიოთეკა

Enzyklopädisches Handbuch zur Ur- und Frühgeschichte Europas : (ბიბ.ჩანაწერი № 60498)

000 -LEADER
fixed length control field 00661nam a22001577a 4500
005 - DATE AND TIME OF LATEST TRANSACTION
control field 20230814160034.0
008 - FIXED-LENGTH DATA ELEMENTS--GENERAL INFORMATION
fixed length control field 230808s1966 gw ||||| |||| 00| 0 ger d
041 ## - LANGUAGE CODE
Language code of text/sound track or separate title ger
080 ## - UNIVERSAL DECIMAL CLASSIFICATION NUMBER
Universal Decimal Classification number 94(038) F-52
100 ## - MAIN ENTRY--PERSONAL NAME
Personal name Filip, Jan
9 (RLIN) 19633
245 ## - TITLE STATEMENT
Title Enzyklopädisches Handbuch zur Ur- und Frühgeschichte Europas :
Remainder of title Band 1 (A-K) /
Statement of responsibility, etc. Jan Filip.
264 ## - PRODUCTION, PUBLICATION, DISTRIBUTION, MANUFACTURE, AND COPYRIGHT NOTICE
Place of production, publication, distribution, manufacture Prague,
Date of production, publication, distribution, manufacture, or copyright notice 1966.
300 ## - PHYSICAL DESCRIPTION
Extent 664 p.:
Other physical details ill.;
Dimensions 24 cm.
653 ## - INDEX TERM--UNCONTROLLED
keyword ენციკლოპედიური სახელმძღვანელო ევროპის პრეისტორიისა და ადრეული ისტორიის შესახებ
942 ## - ADDED ENTRY ELEMENTS (KOHA)
Source of classification or shelving scheme
Koha item type წიგნი
ეგზემპლარები
Withdrawn status Lost status Source of classification or shelving scheme Damaged status Not for loan Permanent Location Current Location Shelving location Date acquired Cost, normal purchase price Full call number Barcode Date last seen Copy number Uniform Resource Identifier Price effective from Koha item type Public note
          ბათუმის შოთა რუსთაველის სახელმწიფო უნივერსიტეტის მთავარი ბიბლიოთეკა ბათუმის შოთა რუსთაველის სახელმწიფო უნივერსიტეტის მთავარი ბიბლიოთეკა წიგნსაცავი 2023-08-08 10.00 94(038) F-52 65116 2023-08-08 65116 2023-08-08 წიგნი 10 ლ.